Gaming Quiz

Random Gaming or Video Games Quiz

NFS Carbon Crews Quiz Stats

 Plays Quiz not verified by Sporcle

Score 0/10 Timer 07:00
0 Plays Today
Color Crew % Correct
GreenBushido
95.7%
BlueTFK
91.5%
RedStacked Deck
89.4%
Orange21st Street
83%
YellowInferno
68.1%
PurpleScorpios
66%
BlackBlackhearts
63.8%
BlueKings
57.4%
GreenRotor 4
55.3%
PurpleLos Colibres
40.4%

You're not logged in!

Compare scores with friends on all Sporcle quizzes.
OR
Log In

Sporcle TV

Today on Sporcle TV


Watch our educational content, quiz creation guides, and fun videos on Sporcle TV.

Show Comments

Extras

Top Quizzes Today


Score Distribution

Your Account Isn't Verified!

In order to create a playlist on Sporcle, you need to verify the email address you used during registration. Go to your Sporcle Settings to finish the process.

Report this User

Report this user for behavior that violates our Community Guidelines.

Details: